[Event "RUS-chT2"]
[Site "Sochi"]
[Date "2015.05.01"]
[Round "1.1"]
[White "Vokarev, Sergey"]
[Black "Torbin, Kirill"]
[Result "1-0"]
[WhiteElo "2456"]
[BlackElo "2372"]
[PlyCount "76"]
[EventDate "2015.05.01"]
[EventType "team-swiss"]
[EventRounds "7"]
[EventCountry "RUS"]
[SourceTitle "CBM 166 Extra"]
[Source "ChessBase"]
[SourceDate "2015.06.18"]
[SourceVersion "1"]
[SourceVersionDate "2015.06.18"]
[SourceQuality "1"]
[WhiteTeam "Nizhny Tagil Politekhnik"]
[BlackTeam "Kazan Ladya II"]
[WhiteTeamCountry "RUS"]
[BlackTeamCountry "RUS"]

1. e4 c5 2. Nf3 Nc6 3. Bb5 g6 4. 0-0 Bg7 5. Re1 e5 6. Bxc6 dxc6 7. d3 Qe7 8. Nbd2 Nf6 9. Nc4 Nd7 10. Bd2 0-0 11. a3 Nb8 12. Bc3 f6 13. b4 Na6 14. Rb1 Be6 15. Na5 Rac8 16. Nd2 b6 17. Nxc6 Rxc6 18. b5 Rc7 19. bxa6 Qd7 20. Bb2 Qa4 21. Nc4 Rd8 22. Qe2 Qxa6 23. Red1 Bxc4 24. dxc4 Rcd7 25. g3 Bf8 26. Rxd7 Rxd7 27. f4 Bg7 28. Rf1 Rd6 29. fxe5 fxe5 30. Qf3 Rf6 31. Qd3 Rxf1+ 32. Kxf1 Qb7 33. Qd8+ Kf7 34. Qd5+ Qxd5 35. exd5 Ke7 36. Ke2 Kd6 37. a4 Bf6 38. Ke3 Kd7 1-0

[Event "RUS-ch U20"]
[Site "Essentuki"]
[Date "2003.03.13"]
[Round "11"]
[White "Torbin, Kirill"]
[Black "Kornilov, Ivan"]
[Result "1-0"]
[WhiteElo "2387"]
[BlackElo "2371"]
[PlyCount "41"]
[EventDate "2003.03.02"]
[EventType "swiss"]
[EventRounds "11"]
[EventCountry "RUS"]
[SourceTitle "CBM 093 Extra"]
[Source "ChessBase"]
[SourceDate "2003.05.09"]
[SourceVersion "1"]
[SourceVersionDate "2003.05.09"]
[SourceQuality "1"]

1. d4 d5 2. c4 Bf5 3. Qb3 e5 4. dxe5 d4 5. Qxb7 Nd7 6. Nd2 Bc5 7. b4 Be7 8. Ngf3 Rb8 9. Qxa7 Bxb4 10. Qxd4 c5 11. Qe3 Qa5 12. a4 Ne7 13. g3 Nb6 14. Qf4 Bc3 15. Ra3 Bb4 16. e6 0-0 17. exf7+ Kh8 18. Re3 Bxd2+ 19. Nxd2 Nbd5 20. cxd5 Nxd5 21. Qxb8 1-0

[Event "RUS-ch U20"]
[Site "Essentuki"]
[Date "2003.03.11"]
[Round "9"]
[White "Torbin, Kirill"]
[Black "Panchenko, Dmitry"]
[Result "0-1"]
[WhiteElo "2387"]
[BlackElo "2351"]
[PlyCount "64"]
[EventDate "2003.03.02"]
[EventType "swiss"]
[EventRounds "11"]
[EventCountry "RUS"]
[SourceTitle "CBM 093 Extra"]
[Source "ChessBase"]
[SourceDate "2003.05.09"]
[SourceVersion "1"]
[SourceVersionDate "2003.05.09"]
[SourceQuality "1"]

1. Nf3 c5 2. e4 e6 3. d4 cxd4 4. Nxd4 Nf6 5. Nc3 d6 6. g3 a6 7. Bg2 Be7 8. 0-0 0-0 9. Re1 Qc7 10. a4 Nc6 11. Nxc6 bxc6 12. a5 d5 13. Be3 Bb7 14. Bb6 Qc8 15. f4 Bb4 16. e5 Nd7 17. Bf2 Qc7 18. Re2 Bxa5 19. Na4 Bb4 20. g4 a5 21. g5 g6 22. Re3 Be7 23. Rh3 c5 24. Nc3 Bc6 25. Qg4 Rfb8 26. Nd1 d4 27. Raa3 Bxg2 28. Qxg2 Qb7 29. Qg4 h5 30. gxh6 Qe4 31. h7+ Kh8 32. Rad3 Nxe5 0-1

[Event "RUS-ch U20"]
[Site "Essentuki"]
[Date "2003.03.08"]
[Round "6"]
[White "Rjabzev, Konstantin"]
[Black "Torbin, Kirill"]
[Result "1-0"]
[WhiteElo "2315"]
[BlackElo "2387"]
[PlyCount "73"]
[EventDate "2003.03.02"]
[EventType "swiss"]
[EventRounds "11"]
[EventCountry "RUS"]
[SourceTitle "CBM 093 Extra"]
[Source "ChessBase"]
[SourceDate "2003.05.09"]
[SourceVersion "1"]
[SourceVersionDate "2003.05.09"]
[SourceQuality "1"]

1. e4 c5 2. Nf3 Nc6 3. d4 cxd4 4. Nxd4 Qb6 5. Nb3 Nf6 6. Nc3 e6 7. Qe2 d6 8. g4 a6 9. g5 Nd7 10. f4 Qc7 11. Be3 b5 12. 0-0-0 Nb6 13. Qf2 Rb8 14. h4 Na4 15. h5 Nb4 16. Kb1 Qxc3 17. bxc3 Nxc3+ 18. Ka1 Nxd1 19. Bxb5+ axb5 20. Rxd1 Ra8 21. Qd2 Nc6 22. Nd4 Nxd4 23. Bxd4 Bb7 24. h6 Rg8 25. hxg7 Rxg7 26. Bxg7 Bxg7+ 27. Kb1 Bf8 28. Qe2 Bc6 29. f5 Ra4 30. fxe6 Rxe4 31. exf7+ Kxf7 32. Qf2+ Kg8 33. Rd4 Re5 34. Rd1 Bd5 35. Qf6 Bf7 36. Rf1 Re7 37. g6 1-0

[Event "RUS-ch U20"]
[Site "Essentuki"]
[Date "2003.03.04"]
[Round "3"]
[White "Bachin, Vitaly"]
[Black "Torbin, Kirill"]
[Result "1-0"]
[WhiteElo "2443"]
[BlackElo "2387"]
[PlyCount "79"]
[EventDate "2003.03.02"]
[EventType "swiss"]
[EventRounds "11"]
[EventCountry "RUS"]
[SourceTitle "CBM 093 Extra"]
[Source "ChessBase"]
[SourceDate "2003.05.09"]
[SourceVersion "1"]
[SourceVersionDate "2003.05.09"]
[SourceQuality "1"]

1. e4 c5 2. Nc3 Nc6 3. g3 g6 4. Bg2 Bg7 5. d3 d6 6. f4 e6 7. Nf3 Nge7 8. 0-0 0-0 9. Rb1 Rb8 10. Bd2 b6 11. Ne2 Bb7 12. c4 Qd7 13. Bc3 e5 14. f5 gxf5 15. exf5 f6 16. g4 d5 17. Ng3 Rbd8 18. b3 Qe8 19. Qe2 Nd4 20. Nxd4 cxd4 21. Bd2 Qf7 22. g5 e4 23. dxe4 dxc4 24. bxc4 Nc6 25. Bf4 d3 26. Qg4 fxg5 27. Bxg5 Ne5 28. Qf4 Rd6 29. f6 Rxf6 30. Bxf6 Bxf6 31. Kh1 Ba6 32. Nf5 Kh8 33. Ne3 Bxc4 34. Nxc4 Nxc4 35. Rb5 d2 36. Rf5 Qg6 37. Bf3 Qg7 38. h3 b5 39. Bg4 Ne5 40. Qxe5 1-0

[Event "Samara op"]
[Site "Samara"]
[Date "2003.??.??"]
[Round "7"]
[White "Ozolin, Maxim"]
[Black "Torbin, Kirill"]
[Result "1-0"]
[WhiteElo "2323"]
[BlackElo "2387"]
[PlyCount "73"]
[EventDate "2003.??.??"]
[EventType "swiss"]
[EventRounds "9"]
[EventCountry "RUS"]
[SourceTitle "EXT 2005"]
[Source "ChessBase"]
[SourceDate "2004.11.15"]
[SourceVersion "1"]
[SourceVersionDate "2004.11.15"]
[SourceQuality "1"]

1. e4 c5 2. Nf3 Nc6 3. d4 cxd4 4. Nxd4 Qb6 5. Nb3 Nf6 6. Nc3 e6 7. Bd3 a6 8. 0-0 Qc7 9. f4 d6 10. a4 b6 11. Be3 Be7 12. Qf3 0-0 13. Rae1 Nd7 14. Qh3 Nb4 15. Rf3 Re8 16. Rg3 g6 17. Rf1 Bf8 18. Nd4 Nc5 19. f5 exf5 20. Nxf5 Ncxd3 21. cxd3 Bxf5 22. exf5 d5 23. Qh4 Rad8 24. Bd4 Rd6 25. Rh3 h6 26. fxg6 Rxg6 27. Rhf3 Re7 28. Rf6 Re6 29. R6f5 Bc5 30. Nxd5 Nxd5 31. Rxd5 Rd6 32. Rxd6 Qxd6 33. Bxc5 Qxc5+ 34. Qf2 Qd5 35. Qf3 Qxf3 36. Rxf3 Rg4 37. Rg3 1-0

[Event "Samara op"]
[Site "Samara"]
[Date "2003.??.??"]
[Round "1"]
[White "Sterliagova, Tatiana"]
[Black "Torbin, Kirill"]
[Result "1-0"]
[WhiteElo "2156"]
[BlackElo "2387"]
[PlyCount "115"]
[EventDate "2003.??.??"]
[EventType "swiss"]
[EventRounds "9"]
[EventCountry "RUS"]
[SourceTitle "EXT 2005"]
[Source "ChessBase"]
[SourceDate "2004.11.15"]
[SourceVersion "1"]
[SourceVersionDate "2004.11.15"]
[SourceQuality "1"]

1. d4 d5 2. c4 dxc4 3. Nf3 Nf6 4. e3 e6 5. Bxc4 a6 6. 0-0 c5 7. Bd3 Nbd7 8. Nc3 b5 9. a4 b4 10. Ne4 Bb7 11. Nxf6+ Qxf6 12. Be2 Bd6 13. Qb3 0-0 14. Bd2 a5 15. Rac1 cxd4 16. exd4 h6 17. Bb5 Bd5 18. Qe3 Rad8 19. Bc6 Nb6 20. Ne5 Bxc6 21. Rxc6 Nd5 22. Qe2 Ne7 23. Rc4 Nf5 24. Nc6 Ra8 25. Rfc1 Bc7 26. Qd3 Bb6 27. Bf4 Rae8 28. Be5 Qg5 29. g3 h5 30. Qf3 f6 31. Bf4 Qg4 32. Qxg4 hxg4 33. Kg2 Rf7 34. f3 gxf3+ 35. Kxf3 g5 36. Bd2 Rd7 37. Rd1 Rc8 38. Nxa5 Nxd4+ 39. Kg2 Rcd8 40. Bxb4 Nf5 41. Rxd7 Rxd7 42. Rc8+ Kg7 43. Nc4 Bd4 44. a5 Ba7 45. Bc5 g4 46. Bxa7 Rxa7 47. b4 Nd4 48. Kf2 e5 49. Rb8 Rc7 50. a6 Kg6 51. Ne3 Rh7 52. Nxg4 Kf5 53. Ne3+ Ke4 54. b5 Rd7 55. Nc4 Kd3 56. b6 Nb5 57. b7 Nc7 58. a7 1-0

[Event "Samara op"]
[Site "Samara"]
[Date "2003.??.??"]
[Round "4"]
[White "Torbin, Kirill"]
[Black "Modestov, Boris"]
[Result "1/2-1/2"]
[WhiteElo "2387"]
[BlackElo "2309"]
[PlyCount "69"]
[EventDate "2003.??.??"]
[EventType "swiss"]
[EventRounds "9"]
[EventCountry "RUS"]
[SourceTitle "EXT 2005"]
[Source "ChessBase"]
[SourceDate "2004.11.15"]
[SourceVersion "1"]
[SourceVersionDate "2004.11.15"]
[SourceQuality "1"]

1. Nf3 c5 2. c4 Nc6 3. g3 g6 4. d4 cxd4 5. Nxd4 Bg7 6. Nb3 d6 7. c5 dxc5 8. Qxd8+ Nxd8 9. Nxc5 b6 10. Bg2 Rb8 11. Nd3 Bb7 12. 0-0 Bxg2 13. Kxg2 Ne6 14. Nc3 Bxc3 15. bxc3 Nf6 16. a4 0-0 17. a5 Rfc8 18. axb6 axb6 19. Ra7 Nd5 20. Bb2 Kf8 21. c4 Nf6 22. Ba3 Rc7 23. Rxc7 Nxc7 24. Ne5 Ra8 25. Bb4 Ne6 26. Rb1 Ra2 27. Nc6 Nc5 28. Bc3 Nfd7 29. Ra1 Rxa1 30. Bxa1 f6 31. Bc3 Kf7 32. f4 Ke6 33. Kf3 Kd6 34. Nb4 f5 35. Nd3 1/2-1/2

[Event "Petrov Memorial op"]
[Site "St Petersburg"]
[Date "2002.02.18"]
[Round "7"]
[White "Bocharov, Dmitry"]
[Black "Torbin, Kirill"]
[Result "1-0"]
[WhiteElo "2452"]
[BlackElo "2337"]
[PlyCount "105"]
[EventDate "2002.02.12"]
[EventType "swiss"]
[EventRounds "9"]
[EventCountry "RUS"]
[SourceTitle "CBM 086 Extra"]
[Source "ChessBase"]
[SourceDate "2002.03.14"]
[SourceVersion "1"]
[SourceVersionDate "2002.03.14"]
[SourceQuality "1"]

1. d4 d5 2. Nf3 Nf6 3. c4 dxc4 4. Qa4+ c6 5. Qxc4 Bf5 6. Nc3 e6 7. g3 Nbd7 8. Bg2 Be7 9. 0-0 0-0 10. e3 Ne4 11. Nd2 Nd6 12. Qe2 c5 13. dxc5 Nxc5 14. e4 Bg6 15. h4 h6 16. b4 Nd7 17. Bb2 Bf6 18. Rfd1 Rc8 19. Rac1 b5 20. h5 Bh7 21. Nf3 Bxc3 22. Rxc3 Rxc3 23. Bxc3 Nxe4 24. Ba1 Qc7 25. Nd4 Ndf6 26. Nxb5 Qb6 27. Bd4 Qa6 28. Bxa7 Bf5 29. Bd4 Rb8 30. Nc3 Qxe2 31. Nxe2 Rxb4 32. f3 Ng5 33. g4 Nxg4 34. fxg4 Bxg4 35. Kf2 Bxh5 36. Rd2 f5 37. Nc3 Be8 38. a3 Rb3 39. Ra2 Nf7 40. a4 e5 41. Bd5 exd4 42. Bxb3 dxc3 43. a5 Bc6 44. a6 Kf8 45. Bxf7 Kxf7 46. Rc2 Kf6 47. Rxc3 Be4 48. a7 Kg5 49. Rc4 Bd5 50. Rc8 Kg4 51. Rd8 Bh1 52. Rd1 Ba8 53. Rg1+ 1-0

[Event "Petrov Memorial op"]
[Site "St Petersburg"]
[Date "2002.02.15"]
[Round "4"]
[White "Torbin, Kirill"]
[Black "Yevseev, Denis"]
[Result "0-1"]
[WhiteElo "2337"]
[BlackElo "2540"]
[PlyCount "66"]
[EventDate "2002.02.12"]
[EventType "swiss"]
[EventRounds "9"]
[EventCountry "RUS"]
[SourceTitle "CBM 086 Extra"]
[Source "ChessBase"]
[SourceDate "2002.03.14"]
[SourceVersion "1"]
[SourceVersionDate "2002.03.14"]
[SourceQuality "1"]

1. Nf3 d5 2. d4 Nf6 3. c4 c6 4. g3 dxc4 5. Bg2 b5 6. 0-0 Bb7 7. Ne5 a6 8. a4 e6 9. Nc3 Nd5 10. e4 Nxc3 11. bxc3 Nd7 12. f4 Be7 13. Ng4 0-0 14. e5 Nb6 15. f5 exf5 16. Rxf5 Bc8 17. Rf1 Nd5 18. Bd2 Be6 19. Be4 Qd7 20. Nf6+ Bxf6 21. exf6 Bg4 22. Qc2 Nxf6 23. Rxf6 gxf6 24. Rf1 Kg7 25. Qc1 Rfe8 26. Bh6+ Kh8 27. Qf4 Qe6 28. d5 cxd5 29. Bxd5 Qb6+ 30. Kh1 Bh3 31. Bxa8 Bxf1 32. Be4 Bh3 33. Qh4 Qe6 0-1

[Event "Petrov Memorial op"]
[Site "St Petersburg"]
[Date "2002.02.13"]
[Round "2"]
[White "Torbin, Kirill"]
[Black "Psakhis, Lev"]
[Result "1/2-1/2"]
[WhiteElo "2337"]
[BlackElo "2572"]
[PlyCount "45"]
[EventDate "2002.02.12"]
[EventType "swiss"]
[EventRounds "9"]
[EventCountry "RUS"]
[SourceTitle "CBM 086 Extra"]
[Source "ChessBase"]
[SourceDate "2002.03.14"]
[SourceVersion "1"]
[SourceVersionDate "2002.03.14"]
[SourceQuality "1"]

1. Nf3 Nf6 2. c4 e6 3. g3 a6 4. Bg2 b5 5. Ne5 c6 6. d4 bxc4 7. Nxc4 d5 8. Ne5 Bd6 9. Nd3 Qb6 10. e3 a5 11. Nc3 Nbd7 12. 0-0 Ba6 13. Re1 0-0 14. b3 Bb5 15. Rb1 Rfb8 16. Bb2 Bf8 17. Bf1 Ne4 18. Nxb5 cxb5 19. Rc1 Rc8 20. f3 Nd6 21. Qd2 b4 22. Rxc8 Rxc8 23. Rc1 1/2-1/2

[Event "RUS-Cup07"]
[Site "Togliatti"]
[Date "2001.08.15"]
[Round "8"]
[White "Arbakov, Valentin"]
[Black "Torbin, Kirill"]
[Result "1/2-1/2"]
[WhiteElo "2454"]
[BlackElo "2323"]
[PlyCount "118"]
[EventDate "2001.08.08"]
[EventType "swiss"]
[EventRounds "9"]
[EventCountry "RUS"]
[SourceTitle "CBM 083 Extra"]
[Source "ChessBase"]
[SourceDate "2001.09.11"]
[SourceVersion "1"]
[SourceVersionDate "2001.09.11"]
[SourceQuality "1"]

1. Nf3 d5 2. g3 c6 3. Bg2 Bg4 4. h3 Bh5 5. b3 Nd7 6. Bb2 Ngf6 7. d3 e6 8. Nbd2 Bd6 9. 0-0 0-0 10. e4 dxe4 11. dxe4 Be5 12. Qc1 Bxb2 13. Qxb2 Bxf3 14. Bxf3 e5 15. Nc4 Qe7 16. b4 Qe6 17. Qc3 Qxh3 18. Nxe5 Nxe5 19. Qxe5 Ng4 20. Bxg4 Qxg4 21. f3 Rae8 22. Qf4 Qe6 23. g4 Qc4 24. Qe3 f5 25. gxf5 Rxf5 26. Qb3 Rg5+ 27. Kf2 Qf7 28. Rad1 Rge5 29. Rd7 R5e7 30. Rfd1 Qxb3 31. axb3 Kf7 32. Ke3 Rxd7 33. Rxd7+ Re7 34. Rd8 g5 35. b5 cxb5 36. Rd5 Kg6 37. Rxb5 h5 38. Rd5 h4 39. Rd6+ Kf7 40. c4 Re6 41. Rd5 Kf6 42. c5 b6 43. b4 bxc5 44. bxc5 a5 45. Rf5+ Kg6 46. Rf8 Ra6 47. Rb8 a4 48. Rb6+ Rxb6 49. cxb6 a3 50. b7 a2 51. b8Q a1Q 52. Qe8+ Kg7 53. Qd7+ Kg6 54. Qf5+ Kh6 55. Qe6+ Kg7 56. Qd7+ Kg6 57. Qf5+ Kh6 58. Qe6+ Kg7 59. Qd7+ Kg6 1/2-1/2

[Event "RUS-Cup07"]
[Site "Togliatti"]
[Date "2001.08.11"]
[Round "4"]
[White "Najer, Evgeniy"]
[Black "Torbin, Kirill"]
[Result "1-0"]
[WhiteElo "2599"]
[BlackElo "2323"]
[PlyCount "69"]
[EventDate "2001.08.08"]
[EventType "swiss"]
[EventRounds "9"]
[EventCountry "RUS"]
[SourceTitle "CBM 083 Extra"]
[Source "ChessBase"]
[SourceDate "2001.09.11"]
[SourceVersion "1"]
[SourceVersionDate "2001.09.11"]
[SourceQuality "1"]

1. d4 d5 2. c4 dxc4 3. Nf3 Nf6 4. Nc3 a6 5. e4 b5 6. e5 Nd5 7. a4 e6 8. axb5 Bb4 9. Qc2 Nb6 10. Qe4 Qd5 11. Qg4 axb5 12. Rxa8 Qxa8 13. Be2 Kf8 14. 0-0 Bxc3 15. bxc3 h6 16. Qh4 Nc6 17. Ng5 Ne7 18. Bf3 Nbd5 19. Qh5 Ng6 20. Nxf7 Kxf7 21. Be4 Ndf4 22. Qf3 Qa5 23. Bxf4 Nxf4 24. Qxf4+ Ke7 25. Qg3 Kf8 26. f4 b4 27. Qh4 c5 28. d5 Bb7 29. f5 exd5 30. f6 g5 31. Qg4 Qc7 32. e6 dxe4 33. e7+ Ke8 34. Qe6 Rf8 35. f7+ 1-0

[Event "RUS-Cup07"]
[Site "Togliatti"]
[Date "2001.08.09"]
[Round "2"]
[White "Franchini, Gabriele"]
[Black "Torbin, Kirill"]
[Result "1/2-1/2"]
[WhiteElo "2152"]
[BlackElo "2323"]
[PlyCount "102"]
[EventDate "2001.08.08"]
[EventType "swiss"]
[EventRounds "9"]
[EventCountry "RUS"]
[SourceTitle "CBM 083 Extra"]
[Source "ChessBase"]
[SourceDate "2001.09.11"]
[SourceVersion "1"]
[SourceVersionDate "2001.09.11"]
[SourceQuality "1"]

1. e4 c5 2. d4 cxd4 3. c3 dxc3 4. Nxc3 Nc6 5. Nf3 d6 6. Bc4 e6 7. 0-0 Nf6 8. Qe2 a6 9. a4 Be7 10. Rd1 Qc7 11. h3 0-0 12. Bf4 Ne5 13. Ba2 b6 14. Rac1 Qb8 15. Nd4 Bd7 16. Bh2 Nc6 17. Bc4 Nb4 18. Kh1 Rc8 19. Nc2 Nxc2 20. Rxc2 b5 21. e5 Rxc4 22. exf6 Bxf6 23. Rcd2 Qb7 24. Rxd6 Bc6 25. f3 h6 26. Qd3 Be7 27. axb5 axb5 28. Rd4 Rxd4 29. Qxd4 b4 30. Ne4 Bxe4 31. Qxe4 Qxe4 32. fxe4 Bf6 33. e5 Rd8 34. Rxd8+ Bxd8 35. b3 Bc7 36. g4 f6 37. Kg2 fxe5 38. Bg1 Bd6 39. Kf3 Kf7 40. Ke4 Kf6 41. Be3 g6 42. Bc1 Bc5 43. Bd2 Bf8 44. Be3 Bd6 45. Bc1 h5 46. Be3 Bf8 47. Bc1 Bc5 48. Bd2 hxg4 49. hxg4 Bd6 50. Be3 Bf8 51. Bc1 Bd6 1/2-1/2

[Event "RUS-Cup07"]
[Site "Togliatti"]
[Date "2001.08.08"]
[Round "1"]
[White "Torbin, Kirill"]
[Black "Popov, Valerij"]
[Result "0-1"]
[WhiteElo "2323"]
[BlackElo "2559"]
[PlyCount "74"]
[EventDate "2001.08.08"]
[EventType "swiss"]
[EventRounds "9"]
[EventCountry "RUS"]
[SourceTitle "CBM 083 Extra"]
[Source "ChessBase"]
[SourceDate "2001.09.11"]
[SourceVersion "1"]
[SourceVersionDate "2001.09.11"]
[SourceQuality "1"]

1. Nf3 d5 2. d4 c6 3. c4 e6 4. Nbd2 f5 5. g3 Nd7 6. Bg2 Bd6 7. 0-0 Nh6 8. Ne1 g5 9. Qb3 Nf7 10. cxd5 exd5 11. f3 Qf6 12. Nc2 f4 13. e4 fxg3 14. exd5 Qh6 15. Re1+ Kf8 16. Ne3 Qh4 17. Rd1 cxd5 18. hxg3 Bxg3 19. Nf5 Qh2+ 20. Kf1 Nf6 21. Qd3 Bxf5 22. Qxf5 Kg7 23. Nb3 b6 24. Bxg5 Nxg5 25. Qxg5+ Kf7 26. Qf5 Rae8 27. Rd3 Re6 28. Qh3 Rhe8 29. Rad1 Qxh3 30. Bxh3 Re3 31. Kg2 Rxd3 32. Rxd3 Rg8 33. Kh1 h5 34. Bg2 h4 35. Rc3 Nh5 36. Bh3 Nf4 37. Bg4 Kf6 0-1

[Event "RUS-ch U18"]
[Site "Rybinsk"]
[Date "2001.??.??"]
[Round "6"]
[White "Janturin, Artur"]
[Black "Torbin, Kirill"]
[Result "1-0"]
[WhiteElo "2356"]
[BlackElo "2285"]
[PlyCount "70"]
[EventDate "2001.02.??"]
[EventType "swiss"]
[EventRounds "10"]
[EventCountry "RUS"]
[SourceTitle "EXT 2002"]
[Source "ChessBase"]
[SourceDate "2001.11.25"]
[SourceVersion "1"]
[SourceVersionDate "2001.11.25"]
[SourceQuality "1"]

1. e4 c5 2. Nf3 Nc6 3. d4 cxd4 4. Nxd4 Qb6 5. Nb3 Nf6 6. Nc3 e6 7. Be3 Qc7 8. f4 d6 9. Bd3 a6 10. 0-0 Be7 11. Qf3 0-0 12. g4 Nd7 13. g5 Nb4 14. Nd4 Re8 15. a3 Nxd3 16. cxd3 b5 17. h4 Bf8 18. Rad1 Bb7 19. Qg3 g6 20. Rd2 Bg7 21. h5 Rac8 22. hxg6 fxg6 23. Qh3 Nf8 24. Nde2 Re7 25. Nd1 Rf7 26. Nf2 Re8 27. Ng4 Nd7 28. Ng3 Qa5 29. Rh2 Nf8 30. Ne2 Qa4 31. Nh6+ Bxh6 32. Qxh6 d5 33. Nc3 Qb3 34. d4 a5 35. f5 Ree7 1-0

[Event "RUS-ch U20"]
[Site "Kazan"]
[Date "2001.??.??"]
[Round "10"]
[White "Torbin, Kirill"]
[Black "Bocharov, Dmitry"]
[Result "1-0"]
[WhiteElo "2285"]
[BlackElo "2403"]
[PlyCount "95"]
[EventDate "2001.??.??"]
[EventType "swiss"]
[EventRounds "11"]
[EventCountry "RUS"]
[SourceTitle "EXT 2002"]
[Source "ChessBase"]
[SourceDate "2001.11.25"]
[SourceVersion "1"]
[SourceVersionDate "2001.11.25"]
[SourceQuality "1"]

1. e4 c5 2. Nf3 Nc6 3. Bb5 e6 4. 0-0 Nge7 5. c3 a6 6. Ba4 b5 7. Bc2 c4 8. Qe2 Ng6 9. a4 Bb7 10. d4 cxd3 11. Bxd3 b4 12. Be3 Qc7 13. Bc2 Be7 14. Nbd2 0-0 15. Nc4 a5 16. Qd2 Ba6 17. Bd3 Rfb8 18. Qc2 Nf4 19. Bxf4 Qxf4 20. Rfd1 Ra7 21. Nd4 Rc8 22. Nb5 Bc5 23. Nxa7 Bxa7 24. Qd2 Qh4 25. Nd6 Ne5 26. Bxa6 Ng4 27. Bxc8 Bxf2+ 28. Kf1 Be3 29. Qe1 Qxh2 30. Ke2 Qxg2+ 31. Kd3 Bf4 32. Rd2 Ne5+ 33. Kc2 Bxd2 34. Qf1 Qh2 35. Kb3 bxc3 36. bxc3 Bf4 37. Rd1 g5 38. Ba6 Ng4 39. Nc4 Qg3 40. Rxd7 h5 41. Rd3 Qf2 42. Qxf2 Nxf2 43. Rd8+ Kg7 44. e5 h4 45. Nb2 h3 46. Nd3 Nxd3 47. Rxd3 g4 48. Rd4 1-0

[Event "RUS-ch U18"]
[Site "Rybinsk"]
[Date "2001.??.??"]
[Round "4"]
[White "Torbin, Kirill"]
[Black "Dolzhenkov, Yuriy"]
[Result "1-0"]
[WhiteElo "2285"]
[BlackElo "2341"]
[PlyCount "105"]
[EventDate "2001.02.??"]
[EventType "swiss"]
[EventRounds "10"]
[EventCountry "RUS"]
[SourceTitle "EXT 2002"]
[Source "ChessBase"]
[SourceDate "2001.11.25"]
[SourceVersion "1"]
[SourceVersionDate "2001.11.25"]
[SourceQuality "1"]

1. e4 e5 2. Nf3 Nc6 3. d4 exd4 4. Nxd4 g6 5. Nc3 Bg7 6. Be3 Nge7 7. Bc4 d6 8. Qd2 Ne5 9. Bb3 a6 10. Nd5 Nxd5 11. exd5 0-0 12. 0-0 Ng4 13. Bf4 Be5 14. h3 Bxf4 15. Qxf4 Qf6 16. Qd2 Nh6 17. c3 Nf5 18. Ne2 Bd7 19. g4 Nh4 20. Qf4 Qxf4 21. Nxf4 g5 22. Ne2 f5 23. f3 Rae8 24. Nd4 Kh8 25. Rae1 a5 26. Bc2 f4 27. Kf2 b6 28. Be4 Re5 29. b4 Ra8 30. Re2 Kg7 31. Rc1 h5 32. a3 Kh6 33. Rce1 hxg4 34. hxg4 axb4 35. axb4 Ra3 36. Bb1 Rxc3 37. Rxe5 dxe5 38. Rxe5 Ng6 39. Bxg6 Kxg6 40. Re7 Bc8 41. Nc6 Rc2+ 42. Ke1 Ba6 43. Rxc7 Re2+ 44. Kd1 Re3 45. Kc2 Bd3+ 46. Kc3 Be2+ 47. Kd4 Kf6 48. Ne5 Rxe5 49. Rc6+ Kf7 50. Kxe5 Bxf3 51. Rc7+ Ke8 52. Rg7 Bxg4 53. Rxg5 1-0